00532nam a2200169 i 4500001000300000100002000003245005900023260002100082040000800103041000800111080001900119942000700138008004100145999001700186856009800203952006100301bg1 aBYZDRA, Tadeusz 0aNormalizacja i higiena żywności /cTadeusz Byzdra. aWarszawa,c1976. cBPK apol a641:664:006.44 cKS s pl f |000 0 pol  c17132d17132 uhttp://koha.tu.koszalin.pl/cgi-bin/koha/opac-detail.pl?biblionumber=17132yKatalog online BPK 00104070aBPKbBPKcwo21737p01374346s2019-11-14yKS